Čas pre verejnú správu 2.0 ?

Na minha lista:
Detalhes bibliográficos
Autor principal: Černěnko, Tomáš, 1981-
Formato: Capítulo de Livro
Idioma:eslovaco
Assuntos:
Tags: Adicionar Tag
Sem tags, seja o primeiro a adicionar uma tag!

MARC

LEADER 00000nla$a2200000$$$4500
001 0109451
005 20240502083254.7
041 0 |a slo 
044 |a CZ 
245 1 0 |a Čas pre verejnú správu 2.0 ?  |c Tomáš Černěnko 
500 |a Prezentácia 
610 2 0 |a správa verejná 
610 2 0 |a správa verejná elektronická 
610 2 0 |a štandardizácia 
610 2 0 |a manažment 
100 1 |a Černěnko, Tomáš, 1981-